<?xml version="1.0" encoding="UTF-8"?><?xml-stylesheet type="text/xsl" href="static/style.xsl"?><OAI-PMH xmlns="http://www.openarchives.org/OAI/2.0/" xmlns:xsi="http://www.w3.org/2001/XMLSchema-instance" xsi:schemaLocation="http://www.openarchives.org/OAI/2.0/ http://www.openarchives.org/OAI/2.0/OAI-PMH.xsd"><responseDate>2026-04-13T01:11:30Z</responseDate><request verb="GetRecord" identifier="oai:www.recercat.cat:2072/261902" metadataPrefix="marc">https://recercat.cat/oai/request</request><GetRecord><record><header><identifier>oai:recercat.cat:2072/261902</identifier><datestamp>2025-03-11T16:33:13Z</datestamp><setSpec>com_2072_220028</setSpec><setSpec>com_2072_4427</setSpec><setSpec>col_2072_479371</setSpec></header><metadata><record xmlns="http://www.loc.gov/MARC21/slim" xmlns:dcterms="http://purl.org/dc/terms/" xmlns:xsi="http://www.w3.org/2001/XMLSchema-instance" xmlns:doc="http://www.lyncode.com/xoai" xsi:schemaLocation="http://www.loc.gov/MARC21/slim http://www.loc.gov/standards/marcxml/schema/MARC21slim.xsd">
   <leader>00925njm 22002777a 4500</leader>
   <datafield ind2=" " ind1=" " tag="042">
      <subfield code="a">dc</subfield>
   </datafield>
   <datafield ind2=" " ind1=" " tag="720">
      <subfield code="a">Sanmartí, Joan (Sanmartí i Grego)</subfield>
      <subfield code="e">author</subfield>
   </datafield>
   <datafield ind2=" " ind1=" " tag="720">
      <subfield code="a">Kallala, Nabil</subfield>
      <subfield code="e">author</subfield>
   </datafield>
   <datafield ind2=" " ind1=" " tag="720">
      <subfield code="a">Belarte Franco, Maria Carme</subfield>
      <subfield code="e">author</subfield>
   </datafield>
   <datafield ind2=" " ind1=" " tag="720">
      <subfield code="a">Ramon, Joan, 1956-</subfield>
      <subfield code="e">author</subfield>
   </datafield>
   <datafield ind2=" " ind1=" " tag="720">
      <subfield code="a">Jornet Niella, Rafel</subfield>
      <subfield code="e">author</subfield>
   </datafield>
   <datafield ind2=" " ind1=" " tag="720">
      <subfield code="a">Revilla Calvo, Víctor</subfield>
      <subfield code="e">author</subfield>
   </datafield>
   <datafield ind2=" " ind1=" " tag="260">
      <subfield code="c">2012</subfield>
   </datafield>
   <datafield ind2=" " ind1=" " tag="520">
      <subfield code="a">La campaña de excavación de 2010 en Althiburos ha permitido alcanzar el nivel geológico y confirmar la datación de siglo X-IX a. C. para la ocupación inicial del sector central del yacimiento. También ha proporcionado una notable información sobre las estructuras construidas de época prerromana, en particular sobre las casas del siglo VIII a. C., la cisterna del siglo VI a. C. y la muralla defensiva, aunque la cronología inicial de esta última –fechada por el momento en el siglo IV a. C.– es todavía incierta. Se han documentado, asimismo, algunos restos fechables en la Antigüedad Tardía, así como dos enterramientos medievales.
También se ha continuado la excavación del túmulo D-53, a unos 3 km de Althiburos. Ello ha permitido fechar su construcción en torno al cambio de era y su ampliación a partir de época flavia –probablemente, ya a principios del siglo II– y también ha proporcionado datos interesantes sobre aspectos rituales.</subfield>
   </datafield>
   <datafield ind1="8" ind2=" " tag="024">
      <subfield code="a">Sanmartí, J.; Kallala, N.; Belarte, M.C.; Ramon, J.; Jornet, R.; Revilla, V. (2012) «La campaña de excavación de 2010 en Althiburos y en su entorno», Informes y Trabajos, 7, p. 347-359.</subfield>
   </datafield>
   <datafield ind1="8" ind2=" " tag="024">
      <subfield code="a">http://hdl.handle.net/2072/261902</subfield>
   </datafield>
   <datafield ind2="0" ind1="0" tag="245">
      <subfield code="a">La campaña de excavación de 2010 en Althiburos y en su entorno</subfield>
   </datafield>
</record></metadata></record></GetRecord></OAI-PMH>